LEADER 01580nam a2200289 a 4500 001 000000114539 003 CaOOAMICUS 005 20090304113336.0 008 080213s1575 gw u000 u lat r 026 $an-n- a-as$bodm- tuba (3)$c1575 (R) 035 $a10785704 040 $aPUL(R)$bita$dila 100 1 $aLindt, Willem van der,$cvesc. di Roermond,$d1525-1588.$0(OLS)http://pul/name/16425 245 10$aPro varijs sacrosancti Concilii Tridentini decretis, ac potissimum de suscipiendis una cum divina Scriptura etiam apostolicis traditionibus ... Stromatum lib. III /$cR.D. Wilhelmi Damasi Lindani, ... 246 30$aStromatum libri tres 260 $aColoniae Agrippinae :$bapud Maternus Cholinus,$c1575. 300 $a72 p. ;$c2° (32 cm.) 500 $aSegnatura: AA-FF6 500 $aIniziali xil. ornate 662 $aGermania$dColonia.$0(OLS)http://pul/subject/35038 710 0 $aCholinus, Maternus$4pbl.$0(OLS)http://pul/name/70719 850 $aPUL 852 $aPUL$W1$xDP1 Antico 500$y12$m1(5) F 4 int.2$j130919$qStampati Antico $B129954$CPULBib$Z2$F129954 $82 961 $aRilegato con: Panoplia evangelica ...Precedenti collocazioni: B 24, Int X 4, B VI 19, D 9 19, 11 h 24 996 $6245$aPro varijs sacrosancti Concilii Tridentini decretis, ac potissimum de suscipiendis una cum divina Scriptura etiam apostolicis traditionibus ... Stromatum lib. III$9(OLS)http://pul/title/143931 996 $6246$aStromatum libri tres$9(OLS)http://pul/title/143932 996 $6260$aColoniae Agrippinae :$bapud Maternus Cholinus$9(OLS)http://pul/publisher/80128 LEADER 01897nam a2200385 a 4500 001 000000140309 003 CaOOAMICUS 005 20220621161648.0 008 141105s2014 it u000 u ita r 020 $a978-88-311-1753-1 032 $aLibriCat 040 $aPUL$bita 082 04$a189 130 0 $aDe magistro.$lLatino e italiano.$0(OLS)http://pul/title/132642 245 10$aDialogus :$bil dialogo filosofico fra le religioni nel pensiero tardo-antico, medievale e umanistico /$ca cura di Mario Coppola, Germana Fernicola, Lucia Pappalardo. 260 $aRoma :$bCittà Nuova,$c©2014. 300 $a619 p. ;$c20 cm 490 1 $aInstitutiones. Saggi, ricerche e sintesi di pensiero trado-antico, medievale e umanistico ;$v04 500 $aNell'occhietto: "Progetto Paradigma Medievale". 504 $aBibliografia in nota. 650 4$aDialogo interculturale.$0(OLS)http://pul/subject/37208 650 4$aDialogo interreligioso.$0(OLS)http://pul/subject/33329 700 1 $aCoppola, Mario.$0(OLS)http://pul/name/90478 700 1 $aPappalardo, Lucia.$0(OLS)http://pul/name/90479 700 1 $aFernicola, Germana.$0(OLS)http://pul/name/90480 830 0$aInstitutiones.$pSaggi, ricerche e sintesi di pensiero tardo-antico, medievale e umanistico ;$v04.$0(OLS)http://pul/title/169657 850 $aPUL 852 $aPUL$W1$xSL Filosofia 3$y81$m189 COLL 5.4$j162129$qDDC 21$B161605$CPULBib$Z2$F161605 $H124894 $82 941 1 $a9 983 0$aParadigma medievale. 996 $6020$a978-88-311-1753-1$9(OLS)http://pul/number/156270 996 $6082$a189$9(OLS)http://pul/classification/439 996 $6245$aDialogus :$bil dialogo filosofico fra le religioni nel pensiero tardo-antico, medievale e umanistico$9(OLS)http://pul/title/177608 996 $6260$aRoma :$bCittà Nuova$9(OLS)http://pul/publisher/47927